Gaming Quiz

Random Gaming or Country Quiz

Rulers in civilization 5 Quiz Stats

 Plays Quiz not verified by Sporcle

Score 0/43 Timer 02:00
0 Plays Today
Civilization Ruler % Correct
AmericaGeorge Washington
96.4%
AztecsMontezuma
75.9%
AustriaMaria Theresa
71.4%
Portugal Maria I
69.6%
EnglandElizabeth
63.4%
ArabiaHarun al-Rashid
62.5%
Brazil Pedro II
58.9%
CeltsBoudicca
54.5%
CarthageDido
53.6%
IndiaGandhi
53.6%
GreeceAlexander
51.8%
Babylon Nebuchadnezzar II
50.9%
FranceNapoleon
49.1%
Byzantium Theodora
43.8%
GermanyBismarck
43.8%
HunsAttila
41.1%
DenmarkHarald Bluetooth
40.2%
AssyriaAshurbanipal
36.6%
EgyptRamesses II
34.8%
IroquoisHiawatha
33.9%
JapanOda Nobunaga
32.1%
MongoliaGenghis Khan
32.1%
Civilization Ruler % Correct
ZulusShaka
26.8%
RussiaCatherine
25.9%
RomeAugustus Caesar
25%
MayaPacal
24.1%
IncaPachacuti
23.2%
SpainIsabella
23.2%
Netherlands William
21.4%
Ethiopia Haile Selassie
20.5%
OttomansSuleiman
20.5%
PersiaDarius I
20.5%
KoreaSejong
19.6%
IndonesiaGajah Mada
18.8%
PolynesiaKamehameha
17.9%
Shoshone Pocatello
16.1%
SonghaiAskia
16.1%
ChinaWu Zetain
14.3%
VeniceEnrico Dandolo
14.3%
MoroccoAhmad al-Mansur
11.6%
PolandCasimir III
11.6%
SiamRamkhamhaeng
7.1%
SwedenGustav II Adolf
3.6%

You're not logged in!

Compare scores with friends on all Sporcle quizzes.
OR
Log In

Show Comments

Extras

Top Quizzes Today


Score Distribution

Your Account Isn't Verified!

In order to create a playlist on Sporcle, you need to verify the email address you used during registration. Go to your Sporcle Settings to finish the process.

Report this User

Report this user for behavior that violates our Community Guidelines.

Details: